| 000 | 00979cam a2200265 a 4500 | ||
|---|---|---|---|
| 001 | 15198795 | ||
| 005 | 20201128013545.0 | ||
| 008 | 080228s2007 ne a b 001 0 eng | ||
| 010 | _a 2008270218 | ||
| 020 | _a9780750669061 | ||
| 040 |
_aDLC _cDLC _dDLC |
||
| 050 | 0 | 0 |
_aTN690 _b.S56 2007 |
| 082 | 0 | 0 |
_a669.9 _222 _bSMA |
| 100 | 1 |
_aSmallman, R. E. _92613 |
|
| 245 | 1 | 0 | _aPhysical metallurgy and advanced materials. |
| 250 |
_a7th ed. / _bR.E. Smallman, A.H.W. Ngan. |
||
| 260 |
_aAmsterdam ; _aBoston : _bButterworth Heinemann, _c2007. |
||
| 300 |
_axxi, 650 p. : _bill. ; _c26 cm. |
||
| 500 | _aRev. ed. of: Modern physical metallurgy and materials engineering. 1999. | ||
| 650 | 0 |
_aPhysical metallurgy. _92614 |
|
| 700 | 1 |
_aNgan, A. H. W. _92615 |
|
| 700 | 1 |
_aSmallman, R. E. _tModern physical metallurgy and materials engineering. _92616 |
|
| 942 |
_2ddc _cBB |
||
| 999 |
_c11086 _d11086 |
||